The wealth report 2014 (Record no. 115143)

MARC details
000 -LEADER
fixed length control field 01137cad a22002535a 4500
001 - CONTROL NUMBER
control field L158103
008 - FIXED-LENGTH DATA ELEMENTS--GENERAL INFORMATION
fixed length control field 090614s2014 xxkd f s 000 0 eng d
035 ## - SYSTEM CONTROL NUMBER
System control number (Sirsi) u158103
041 0# - LANGUAGE CODE
Language code of text/sound track or separate title eng
110 2# - MAIN ENTRY--CORPORATE NAME
Corporate name or jurisdiction name as entry element Knight Frank
9 (RLIN) 1530
245 04 - TITLE STATEMENT
Title The wealth report 2014
Medium [electronic resource]
260 ## - PUBLICATION, DISTRIBUTION, ETC.
Place of publication, distribution, etc. London
Name of publisher, distributor, etc. Knight Frank
Date of publication, distribution, etc. 2014
520 ## - SUMMARY, ETC.
Summary, etc. Reports on the Knight Frank Prime International Residential Index (PIRI) and results of the Attitudes Survey of over 23, 000 Ultra High Net Worth Individuals (UHNWIs) who held a portfolio in the prime residential market in 2014. Examines international commercial market opportunities. Databank presents statistical results of PIRI, Global Cities, Attitudes and Luxury Opportunity Index surveys.
590 ## - LOCAL NOTE (RLIN)
Local note KA
650 24 - SUBJECT ADDED ENTRY--TOPICAL TERM
Topical term or geographic name entry element PRIME
650 24 - SUBJECT ADDED ENTRY--TOPICAL TERM
Topical term or geographic name entry element HOUSE PRICES
650 24 - SUBJECT ADDED ENTRY--TOPICAL TERM
Topical term or geographic name entry element HIGH END
650 24 - SUBJECT ADDED ENTRY--TOPICAL TERM
Topical term or geographic name entry element GLOBAL
651 #4 - SUBJECT ADDED ENTRY--GEOGRAPHIC NAME
Geographic name International
690 ## - LOCAL SUBJECT ADDED ENTRY--TOPICAL TERM (OCLC, RLIN)
Topical term or geographic name as entry element Residential property
9 (RLIN) 6266
690 ## - LOCAL SUBJECT ADDED ENTRY--TOPICAL TERM (OCLC, RLIN)
Topical term or geographic name as entry element Commercial property
9 (RLIN) 6227
856 48 - ELECTRONIC LOCATION AND ACCESS
Uniform Resource Identifier <a href="https://content.knightfrank.com/research/83/documents/en/2014-1777.pdf">https://content.knightfrank.com/research/83/documents/en/2014-1777.pdf</a>
Public note View the item free of charge at www.knightfrank.com/wealthreport
942 ## - ADDED ENTRY ELEMENTS (KOHA)
Suppress in OPAC 0
Holdings
Withdrawn status Lost status Source of classification or shelving scheme Damaged status Not for loan Home library Current library Shelving location Date acquired Total Checkouts Full call number Barcode Date last seen Copy number Price effective from Koha item type
    Dewey Decimal Classification     London London Online 09/06/2014   ONLINE PUBLICATION 158103-1001 06/08/2019 1 06/08/2019 Book